LEADER 02206nam 2200637Ia 450 001 9910458388103321 005 20200520144314.0 010 $a1-280-52785-4 010 $a0-19-535744-2 010 $a1-4294-1585-1 035 $a(CKB)1000000000398891 035 $a(EBL)271718 035 $a(OCoLC)476008139 035 $a(SSID)ssj0000183533 035 $a(PQKBManifestationID)11154310 035 $a(PQKBTitleCode)TC0000183533 035 $a(PQKBWorkID)10199182 035 $a(PQKB)11728318 035 $a(MiAaPQ)EBC271718 035 $a(Au-PeEL)EBL271718 035 $a(CaPaEBR)ebr10278020 035 $a(CaONFJC)MIL52785 035 $a(OCoLC)935260615 035 $a(EXLCZ)991000000000398891 100 $a19950720d1996 uy 0 101 0 $aeng 135 $aur|n|---||||| 181 $ctxt 182 $cc 183 $acr 200 10$aIon$b[electronic resource] /$fEuripides ; translated by W.S. Di Piero ; introduction, notes, and commentary by Peter Burian 210 $aNew York $cOxford University Press$d1996 215 $a1 online resource (110 p.) 225 1 $aGreek tragedy in new translations 300 $aDescription based upon print version of record. 311 $a0-19-509451-4 327 $aContents; Introduction; Ion; Notes on the Text; Glossary; A; B; C; D; E; G; H; I; K; L; M; P; R; T; X; Z 330 $a""Ion"" is an enactment of the changing relations between the human and divine orders, and the way in which our understanding of the gods is mediated and re-visioned by myths. It contains near disasters, poorly informed actions and misdirected intentions that almost result in catastrophe. 410 0$aGreek tragedy in new translations. 606 $aIon (Greek mythology)$vDrama 606 $aMythology, Greek 608 $aElectronic books. 615 0$aIon (Greek mythology) 615 0$aMythology, Greek. 676 $a882.01 676 $a882.01 676 $a882/.01 700 $aEuripides$0229973 701 $aDi Piero$b W. S$0850258 801 0$bMiAaPQ 801 1$bMiAaPQ 801 2$bMiAaPQ 906 $aBOOK 912 $a9910458388103321 996 $aIon$91898589 997 $aUNINA LEADER 03593 am 2200649 n 450 001 9910418032703321 005 20180703 010 $a979-1-03-620034-2 024 7 $a10.4000/books.enseditions.9377 035 $a(CKB)4100000005183193 035 $a(FrMaCLE)OB-enseditions-9377 035 $a(oapen)https://directory.doabooks.org/handle/20.500.12854/42719 035 $a(PPN)230000169 035 $a(EXLCZ)994100000005183193 100 $a20180712j|||||||| ||| 0 101 0 $afre 135 $auu||||||m|||| 181 $ctxt$2rdacontent 182 $cc$2rdamedia 183 $acr$2rdacarrier 200 13$aLe care monde $eTrois essais de psychologie sociale /$fPascale Molinier 210 $aLyon $cENS Éditions$d2018 215 $a1 online resource (176 p.) 311 $a979-1-03-620032-8 330 $aPourquoi le travail du care est-il particulièrement fertile pour les questions morales ? Qu?est-ce que la psychologie sociale peut apporter à la réflexion en éthique ? En quoi la philosophie morale peut-elle renouveler l?écoute des psychologues ? Ceux-ci peuvent-ils transformer leur façon de comprendre les préoccupations du monde ordinaire ? Comment les discours savants peuvent-ils ne pas étouffer la voix différente en éthique ? À partir d?enquêtes réalisées sur le terrain de la recherche en nanomédecine, sur celui du soin gériatrique, ou de l?expérience de femmes confrontées à la violence, ce livre propose une lecture de « ce qui compte » pour les personnes qui sont engagées dans une relation d?attention à autrui. Les conditions de l?identification à l?autre, ou au contraire de l?impossibilité de s?imaginer à sa place, sont un fil rouge dans une réflexion portant tour à tour sur l?angoisse morale, le racisme et le mépris social, le rapport entre souci de soi et souci des autres. Why care work is so particularly fertile for moral questions? What can social psychology bring to reflection in ethics? In what way moral philosophy can renew the listening of psychologists? Can they change the way they understand the preoccupations of the ordinary world? How can scholarly discourses not stifle the different voices in ethics? Based on research conducted in the field of nanomedicine research, geriatric care, or in the experience of women with violence, this book offers a reading of "what matters" for those engaged in a relationship of attention to others. The conditions of identification with the other, or the impossibility of imagining oneself in his place, are a red thread in a reflection bearing in turn moral anguish, racism and social contempt, and the relationship between care and selfcare. 517 $acare monde 606 $aWomen's Studies 606 $aéthique 606 $acare 606 $apsychologie morale 606 $aféminisme 606 $asubjectivités 606 $aethics 606 $amoral psychology 606 $afeminism 606 $asubjectivities 610 $amoral psychology 610 $asubjectivities 610 $afeminism 610 $aethics 610 $acare 615 4$aWomen's Studies 615 4$aéthique 615 4$acare 615 4$apsychologie morale 615 4$aféminisme 615 4$asubjectivités 615 4$aethics 615 4$amoral psychology 615 4$afeminism 615 4$asubjectivities 700 $aMolinier$b Pascale$01278917 801 0$bFR-FrMaCLE 906 $aBOOK 912 $a9910418032703321 996 $aLe care monde$93022099 997 $aUNINA LEADER 01120oam 2200301z- 450 001 9910619132403321 005 20160814153837.0 010 $a0-7695-4544-0 035 $a(CKB)3360000000370590 035 $a(EXLCZ)993360000000370590 100 $a20121018c2011uuuu -u- - 101 0 $aeng 200 10$a2011 International Conference on Management of e-Commerce and e-Government $eproceedings : 5-6 November 2011, Wuhan, Hubei, China 210 $aWuhan, Hubei China 606 $aElectronic commerce$zChina$vCongresses 606 $aElectronic commerce$xManagement$vCongresses 606 $aInternet in public administration$zChina$vCongresses 606 $aInternet in public administration$vCongresses 615 0$aElectronic commerce 615 0$aElectronic commerce$xManagement 615 0$aInternet in public administration 615 0$aInternet in public administration 676 $a658.8/72 712 02$aIEEE Computer Society, 906 $aPROCEEDING 912 $a9910619132403321 996 $a2011 International Conference on Management of e-Commerce and e-Government$93402367 997 $aUNINA